| 000 | 00684nam a2200181Ia 4500 | ||
|---|---|---|---|
| 008 | 090630s9999 xx 000 0 und d | ||
| 082 | _b20388 | ||
| 100 | _aओक चारुशीला. | ||
| 245 |
_aगोष्ट एका काळया प्रहराची. _cओक चारुशीला. |
||
| 260 |
_bमेहता. _c1993 |
||
| 300 | _a158 | ||
| 600 | _aओक चारुशीला. | ||
| 630 | _aगोष्ट एका काळया प्रहराची. | ||
| 655 | _aकादंबरी. | ||
| 700 | _aओक चारुशीला. | ||
| 730 | _aगोष्ट एका काळया प्रहराची. | ||
| 942 | _cBOOK | ||
| 999 |
_c272244 _d272244 |
||